000 01357nam a2200337 i 4500
003 EG-GICUC
005 20260427145440.0
008 260427s1996 au ||||fr|||| 00| 0 ara d
017 _a1996/7682
020 _a977-19-10888-4
040 _a EG-GICUC
_bara
_c EG-GICUC
_d EG-GICUC
_erda
041 0 _aara
082 0 4 _221
_a345.41
_bم ج . ف
092 0 4 _221
099 _aLaw1 07 345.41 م ج . ف 1996
100 0 _aمجدي المتولي
_eAuthor.
245 1 0 _aفتاوي الجمعية العمومية للفتوى والتشريع :
_bبشأن نظام العاملين بالدولة وقطاع الأعمال العام .
_nالقسم الأول ،
_pالتعيين والتسويات /
_cالدكتور مجدي المتولي .
264 1 _a[مكان النشر غير محدد] :
_b[الناشر غير محدد]،
_c1996 .
300 _a129 صفحة ؛
_c24 سم
336 _2rda content
_atext
337 _2rda media
_aComputer
338 _2rda carrier
_aOnline Resource
546 _aالنص باللغة العربية
650 1 4 _aالموظفون -- القطاع العام
_2qrmak
650 1 4 _aالتعيين والتسويات
650 1 4 _aنظام العاملين بالدولة
651 1 _2qrmak
856 4 0 _uhttps://fll.law.cu.edu.eg/fulltext/bks/B07-01660.pdf
905 _a165
942 _2ddc
_cBK
_e21
_n0
999 _c73703
_d73703